<?xml version="1.0" encoding="UTF-8"?>
<collection xmlns="http://www.loc.gov/MARC21/slim">
 <record>
  <leader>02162nab a2200241 i 4500</leader>
  <controlfield tag="001">acta62865</controlfield>
  <controlfield tag="005">20250626095355.0</controlfield>
  <controlfield tag="008">191025s2019    hu      o     000   hun d</controlfield>
  <datafield tag="022" ind1=" " ind2=" ">
   <subfield code="a">2064-5929</subfield>
  </datafield>
  <datafield tag="024" ind1="7" ind2=" ">
   <subfield code="a">10.14232/belv.2019.2.10</subfield>
   <subfield code="2">doi</subfield>
  </datafield>
  <datafield tag="040" ind1=" " ind2=" ">
   <subfield code="a">SZTE Egyetemi Kiadványok Repozitórium</subfield>
   <subfield code="b">hun</subfield>
  </datafield>
  <datafield tag="041" ind1=" " ind2=" ">
   <subfield code="a">hun</subfield>
  </datafield>
  <datafield tag="041" ind1=" " ind2=" ">
   <subfield code="a">eng</subfield>
  </datafield>
  <datafield tag="100" ind1="1" ind2=" ">
   <subfield code="a">Laki Ildikó</subfield>
  </datafield>
  <datafield tag="245" ind1="1" ind2="0">
   <subfield code="a">Területi és társadalmi változások a magyarországi iparvárosokban 1990-2018 között = The territorial and social transformation of Hungarian industrial towns between 1990 and 2018</subfield>
   <subfield code="h">[elektronikus dokumentum] /</subfield>
   <subfield code="c"> Laki Ildikó</subfield>
  </datafield>
  <datafield tag="260" ind1=" " ind2=" ">
   <subfield code="a">Belvedere Meridionale</subfield>
   <subfield code="b">Szeged</subfield>
   <subfield code="c">2019</subfield>
  </datafield>
  <datafield tag="300" ind1=" " ind2=" ">
   <subfield code="a">163-172</subfield>
  </datafield>
  <datafield tag="490" ind1="0" ind2=" ">
   <subfield code="a">Belvedere Meridionale</subfield>
   <subfield code="v">31 No. 2</subfield>
  </datafield>
  <datafield tag="520" ind1="3" ind2=" ">
   <subfield code="a">In my study I intend to give a detailed analysis of social transformations of the past 27 years in Hungarian industrial towns (former ‘socialist’ towns). The array of urban functions and activities has undergone a significant modification in the so-called traditional industrial towns (11), which resulted not merely in spatial and economic structural changes but furthermore in notable social ones as well. In the case of several towns social realignments (Tatabánya, Várpalota, Oroszlány), population loss (Dunaújváros, Salgótarján), as well as the emergence of new social groups in consequence of new activities undertaken (Százhalombatta, Ajka, Várpalota) occurred. Simultaneously local community initiatives commenced with the goal of finding viable roles for these towns and their residents; for some groups within the towns, while for others temporarily or permanently through relocation to other settlements. Thus the current survey primarily concerns itself with those social issues which have initiated and brought novel changes and developments in the towns under consideration in their local economies and at various levels of their communities.</subfield>
  </datafield>
  <datafield tag="650" ind1=" " ind2="4">
   <subfield code="a">Társadalomtudományok</subfield>
  </datafield>
  <datafield tag="650" ind1=" " ind2="4">
   <subfield code="a">Szociológia</subfield>
  </datafield>
  <datafield tag="695" ind1=" " ind2=" ">
   <subfield code="a">Urbanizáció - Magyarország - 1990-2018, Társadalom - Magyarország - 1990-2018</subfield>
  </datafield>
  <datafield tag="856" ind1="4" ind2="0">
   <subfield code="u">http://acta.bibl.u-szeged.hu/62865/1/belvedere_2019_002_163-172.pdf</subfield>
   <subfield code="z">Dokumentum-elérés </subfield>
  </datafield>
 </record>
</collection>
